Evaluating quality in construction (Record no. 63430)
[ view plain ]
| 000 -LEADER | |
|---|---|
| fixed length control field | 01225cam a2200229 4500 |
| 001 - CONTROL NUMBER | |
| control field | ABS62241 |
| 008 - FIXED-LENGTH DATA ELEMENTS--GENERAL INFORMATION | |
| fixed length control field | 000000n2000 000 0 eng u |
| 035 ## - SYSTEM CONTROL NUMBER | |
| System control number | (Sirsi) u105933 |
| 100 ## - MAIN ENTRY--PERSONAL NAME | |
| Personal name | Harkin, F. |
| 245 ## - TITLE STATEMENT | |
| Title | Evaluating quality in construction |
| 260 ## - PUBLICATION, DISTRIBUTION, ETC. | |
| Date of publication, distribution, etc. | 2000 |
| 490 ## - SERIES STATEMENT | |
| Series statement | Journal of Financial Management of Property and Construction |
| Volume/sequential designation | 4(3) November 1999, 65-80(16) |
| 520 ## - SUMMARY, ETC. | |
| Summary, etc. | The importance of clients obtaining buildings built to budget, on time and to the required quality has been recognised by the recent proliferation of procurement systems and by an increasing use of project managers to oversee the design, construction and cost control processes. Research concludes that the public, clients and project managers do not understand what architects mean by good quality in architectural design; clients do not take responsibility for good design because they place little value on it and; as a result it tends to be poorly managed by clients and project managers. |
| 590 ## - LOCAL NOTE (RLIN) | |
| Local note | ABS |
| 650 ## - SUBJECT ADDED ENTRY--TOPICAL TERM | |
| Topical term or geographic name entry element | BUILT ENVIRONMENT-CONSTRUCTION DESIGN |
| 650 ## - SUBJECT ADDED ENTRY--TOPICAL TERM | |
| Topical term or geographic name entry element | QUALITY |
| 650 ## - SUBJECT ADDED ENTRY--TOPICAL TERM | |
| Topical term or geographic name entry element | CLIENTS BRIEF |
| 650 ## - SUBJECT ADDED ENTRY--TOPICAL TERM | |
| Topical term or geographic name entry element | DESIGN PROCESS |
| 690 ## - LOCAL SUBJECT ADDED ENTRY--TOPICAL TERM (OCLC, RLIN) | |
| Topical term or geographic name as entry element | Project management |
| 9 (RLIN) | 6261 |
| 700 ## - ADDED ENTRY--PERSONAL NAME | |
| Personal name | Gunning, J.G. |
| 942 ## - ADDED ENTRY ELEMENTS (KOHA) | |
| Suppress in OPAC | 0 |
| Withdrawn status | Lost status | Source of classification or shelving scheme | Damaged status | Not for loan | Home library | Current library | Shelving location | Date acquired | Total Checkouts | Full call number | Barcode | Date last seen | Copy number | Price effective from | Koha item type |
|---|---|---|---|---|---|---|---|---|---|---|---|---|---|---|---|
| Dewey Decimal Classification | London | London | Journal article | 10/05/2000 | ABS62241 | 105933-1001 | 06/08/2019 | 1 | 06/08/2019 | Journal article |